Reasons of the Employees' Stabilization in Hotels in Slovakia
Názory odborníkov na stabilizáciu personálu a významné faktory, ktoré ovplyvňujú rozhodnutia zamestnancov o ich pracovnom mieste v hotelovom zariadrení.
Na minha lista:
| Autor principal: | |
|---|---|
| Outros Autores: | |
| Formato: | Capítulo de Livro |
| Idioma: | inglês |
| Assuntos: | |
| Tags: |
Sem tags, seja o primeiro a adicionar uma tag!
|
MARC
| LEADER | 00000naa a2200000 4500 | ||
|---|---|---|---|
| 001 | 0248793 | ||
| 005 | 20221104110216.3 | ||
| 041 | 0 | |a eng | |
| 044 | |a SK | ||
| 245 | 1 | 0 | |a Reasons of the Employees' Stabilization in Hotels in Slovakia |c Jaroslav Kubaľa, Milota Vetráková |
| 520 | |a Názory odborníkov na stabilizáciu personálu a významné faktory, ktoré ovplyvňujú rozhodnutia zamestnancov o ich pracovnom mieste v hotelovom zariadrení. | ||
| 610 | 2 | 0 | |a hotely |
| 610 | 2 | 0 | |a zamestnanosť |
| 610 | 2 | 0 | |a trh práce |
| 100 | 1 | |a Kubaľa, Jaroslav | |
| 700 | 1 | |a Vetráková, Milota | |